000 02461nam a2200385 i 4500
001 193323
003 SpMaBN
005 20250712063138.0
007 ta
008 231102s2022 sp | |||| 000 f spa
017 _aB 3257-2022
_bOficina Depósito Legal Barcelona
020 _a9788466672023
035 _aa7125332
040 _aSpMaBN
_bspa
_cSpMaBN
_erda
_dEs-MaACL
080 _a821.134.2-31"19"
100 1 _aPérez Henares, Antonio,
_d1953-
_eaut
_9138463
245 1 0 _aTierra vieja /
_cAntonio Pérez Henares
250 _aPrimera edición: mayo de 2022
264 1 _a[Barcelona] :
_bEdiciones B,
_c2022
300 _a700 páginas ;
_c24 cm
336 _aTexto
_2rdacontent
337 _asin mediación
_2rdamedia
338 _avolumen
_2rdacarrier
500 _aÍndice
500 _aCronología
520 _aSe han contado los relatos de los reyes, de los nobles, de las batallas y de los grandes guerreros, pero quienes repoblaron la tierra yerma fueron hombres y mujeres que, con una mano en la estiba del arado y con la otra en una lanza, arriesgaron sus vidas por repoblar las tierras perdidas. Entonces, cuando una peligrosa tropa acechaba -y junto a ella la muerte- ellos dibujaron las fronteras que hoy heredamos. En esta novela, Antonio Pérez Henares nos traslada, gracias a una prosa evocadora y a un exhaustivo rigor histórico a galope entre el siglo XII y el XIII, a las fronteras de la extremadura castellana por las sierras, las alcarrias, el Tajo y el Guadiana. A través de sus personajes -cristianos y musulmanes, campesinos y pastores, señores y caballeros-, nos muestra la historia de los que sembraban y segaban, de los que levantaron las ermitas e hicieron brotar pasiones, amistades, rencores, pueblos y vivencias. Aquellos que dieron humanidad a la tierra y se convirtieron en la semilla de nuestra nación. Esto es Tierra vieja y ellos, sus héroes.
655 7 _aNovelas históricas
_2tgfbne
_9226782
852 _aES-MaACL
_9200769
_jN-9527
_bR.154744
_cDEPOJ
_hDonación: Antonio Pérez Henares
_gDedicatoria autógrafa del autor
_xEncuadernación cartoné con sobrecubiertas
903 _aPérez Henares, Antonio,
_d1953-
_ednr
_9138463
942 _n0
_cMONOGRAFIA
999 _c193323
_d193323